Statistics for Vehicles/Transportations That Start With E

Click here to take the quiz!

General Stats

  • This quiz has been taken 5 times
  • The average score is 4 of 8

Answer Stats

Answer% Correct
Electric Car
80%
Elevator
80%
Escalator
80%
Earth Mover
40%
Engine
40%
Eighteen-Wheeler
20%
Elevated Railroad
20%
Express Train
20%

Score Distribution

Percentile by Number Answered

Percent of People with Each Score

Your Score History

You have not taken this quiz